Loading...
| Science - Physics | 0 | 5 | 0 | 0 | 50 | 29 | 57.00 | 0 | 1 | 0.00 | 0.00 |
| Popular Culture | 0 | 3 | 0 | 0 | 30 | 82 | 99.00 | 0 | 0 | 0.00 | 0.00 |
| Science - Other | 0 | 3 | 0 | 1 | 30 | 73 | 78.00 | 0 | 1 | 0.00 | 0.00 |
| Fine Arts - Classical Music | 0 | 2 | 0 | 0 | 20 | 114 | 122.00 | 0 | 0 | 0.00 | 0.00 |
| Literature - British | 0 | 2 | 0 | 0 | 20 | 32 | 44.00 | 0 | 1 | 0.00 | 0.00 |
| History - American | 0 | 2 | 1 | 0 | 15 | 59 | 67.00 | 0 | 0 | 0.00 | 0.00 |
| Social Science | 0 | 1 | 0 | 1 | 10 | 110 | 110.00 | 0 | 0 | 0.00 | 0.00 |
| Fine Arts - Other | 0 | 1 | 0 | 0 | 10 | 103 | 103.00 | 0 | 1 | 0.00 | 0.00 |
| History - World | 0 | 1 | 0 | 0 | 10 | 104 | 104.00 | 0 | 0 | 0.00 | 0.00 |
| Literature - World | 0 | 1 | 0 | 0 | 10 | 30 | 30.00 | 1 | 1 | 0.00 | 0.00 |
| Religion | 0 | 1 | 2 | 0 | 0 | 35 | 35.00 | 1 | 1 | 0.00 | 0.00 |